Normal view
MARC view
Entry Personal Name
001 - CONTROL NUMBER
- control field: 817872
003 - CONTROL NUMBER IDENTIFIER
- control field: OSt
005 - DATE AND TIME OF LATEST TRANSACTION
- control field: 20250813122713.0
008 - FIXED-LENGTH DATA ELEMENTS
- fixed length control field: 250813|| aca||aabn | a|a d
040 ## - CATALOGING SOURCE
- Original cataloging agency: OSt
- Transcribing agency: OSt
100 ## - HEADING--PERSONAL NAME
- Personal name: ਸਿੰਘ, ਜੋਧ
670 ## - SOURCE DATA FOUND
- Source citation: Work cat.: (OSt)1434727: ਸਿੰਘ, ਜੋਧ, ਸਿੱਖ ਧਰਮ ਵਿਸ਼ਕੋਸ਼ , 2008.
